000
00259nam a22001217a 4500
008
170904b xxu||||| |||| 00| 0 eng d
041
_a
eng
080
_a
070
100
_a
40
101
_a
MED
245
_a
AUDIENCE ANALYSIS
_c
CLEVENGER,TH
942
_2
udc
_c
BK
999
_c
25955
_d
25955